[Event "ESP-chT Rapid"]
[Site "Ubeda"]
[Date "2023.09.24"]
[Round "7.2"]
[White "Alekseenko, Kirill"]
[Black "Moreno Royano, Victor"]
[Result "1-0"]
[WhiteElo "2675"]
[BlackElo "2194"]
[PlyCount "39"]
[EventDate "2023.09.23"]
[EventType "team-swiss (rapid)"]
[EventRounds "9"]
[EventCountry "ESP"]
[SourceTitle "EXT 2024"]
[Source "ChessBase"]
[SourceDate "2023.10.10"]
[SourceVersion "1"]
[SourceVersionDate "2023.10.10"]
[SourceQuality "1"]
[WhiteTeam "Silla Integrant"]
[BlackTeam "Gambito CC"]
[WhiteTeamCountry "ESP"]
[BlackTeamCountry "ESP"]

1. e4 e5 2. Nf3 Nc6 3. Bc4 Bc5 4. d3 Nf6 5. Nc3 a6 6. a4 0-0 7. h3 h6 8. g4 d6 9. g5 hxg5 10. Bxg5 Nb8 11. Rg1 Be6 12. Qd2 Nbd7 13. Nd5 Bxd5 14. Bxd5 c6 15. Bb3 Kh8 16. Nh4 Qe8 17. Bh6 Rg8 18. Bxg7+ Rxg7 19. Rxg7 Kxg7 20. Nf5+ 1-0

[Event "ESP-chT Rapid"]
[Site "Ubeda"]
[Date "2023.09.23"]
[Round "4.5"]
[White "Rey Martinez, Jaime"]
[Black "Moreno Royano, Victor"]
[Result "1/2-1/2"]
[WhiteElo "2328"]
[BlackElo "2194"]
[PlyCount "118"]
[EventDate "2023.09.23"]
[EventType "team-swiss (rapid)"]
[EventRounds "9"]
[EventCountry "ESP"]
[SourceTitle "EXT 2024"]
[Source "ChessBase"]
[SourceDate "2023.10.10"]
[SourceVersion "1"]
[SourceVersionDate "2023.10.10"]
[SourceQuality "1"]
[WhiteTeam "Alcorcon Diagonal"]
[BlackTeam "Gambito CC"]
[WhiteTeamCountry "ESP"]
[BlackTeamCountry "ESP"]

1. e4 e5 2. Nf3 Nc6 3. Nc3 Nf6 4. Bb5 Nd4 5. 0-0 Nxb5 6. Nxb5 c6 7. Nc3 d6 8. d4 Qc7 9. h3 Be7 10. a4 0-0 11. Bg5 h6 12. Bh4 Re8 13. Bxf6 Bxf6 14. d5 Be7 15. Qd3 Rf8 16. Nd2 g6 17. a5 c5 18. Nc4 f5 19. Rad1 Qd8 20. exf5 Bxf5 21. Ne4 b5 22. axb6 axb6 23. Ne3 Bxe4 24. Qxe4 Kg7 25. g3 Qd7 26. Kg2 Ra4 27. c4 b5 28. b3 Ra2 29. Ra1 Qa7 30. Rxa2 Qxa2 31. h4 h5 32. cxb5 Qxb3 33. f4 Qxb5 34. f5 Qb4 35. Qf3 Qd4 36. Rb1 Rf7 37. Rb7 e4 38. Qf4 Qf6 39. Qxe4 gxf5 40. Qf4 Qe5 41. Qxe5+ dxe5 42. d6 Bd8 43. Nxf5+ Kg6 44. Rxf7 Kxf7 45. Kf3 Ke6 46. Ke4 Ba5 47. Ng7+ Kxd6 48. Nxh5 Be1 49. Ng7 Ke7 50. g4 Kf6 51. Nf5 c4 52. h5 c3 53. Kd3 Bd2 54. Ng3 Kg5 55. Ne4+ Kxg4 56. Nxd2 cxd2 57. Kxd2 Kxh5 58. Ke3 Kg5 59. Ke4 Kf6 1/2-1/2

[Event "ESP-ch rapid"]
[Site "Linares"]
[Date "2019.08.24"]
[Round "7"]
[White "Lopez Gonzalez, Alfonso"]
[Black "Moreno Royano, Victor"]
[Result "0-1"]
[WhiteElo "2219"]
[BlackElo "2151"]
[PlyCount "63"]
[EventDate "2019.08.24"]
[EventType "swiss (rapid)"]
[EventRounds "9"]
[EventCountry "ESP"]
[SourceTitle "EXT 2020"]
[Source "ChessBase"]
[SourceDate "2019.10.17"]
[SourceVersion "1"]
[SourceVersionDate "2019.10.17"]
[SourceQuality "1"]

1. d4 d5 2. c4 e6 3. Nc3 a6 4. cxd5 exd5 5. Nf3 c6 6. Bf4 Bd6 7. Bg3 Bxg3 8. hxg3 Nf6 9. e3 Bf5 10. Bd3 Bxd3 11. Qxd3 Nbd7 12. 0-0 0-0 13. Rfc1 Qe7 14. Rab1 Ne4 15. Ne2 Ndf6 16. Ne5 Rfe8 17. b4 Nd6 18. a4 Nd7 19. Nxd7 Qxd7 20. Nf4 Re7 21. Qe2 Rae8 22. Qf3 Qf5 23. b5 Nc4 24. bxc6 bxc6 25. Qd1 g6 26. Rb3 h5 27. Nd3 Kg7 28. Ne5 Nxe5 29. dxe5 Rxe5 30. Rb4 Qd7 31. Rb6 R8e6 32. Rxa6 0-1

[Event "ESP-ch rapid"]
[Site "Linares"]
[Date "2019.08.24"]
[Round "8"]
[White "Marino Bravo, Miguel Angel"]
[Black "Moreno Royano, Victor"]
[Result "0-1"]
[WhiteElo "2165"]
[BlackElo "2151"]
[PlyCount "86"]
[EventDate "2019.08.24"]
[EventType "swiss (rapid)"]
[EventRounds "9"]
[EventCountry "ESP"]
[SourceTitle "EXT 2020"]
[Source "ChessBase"]
[SourceDate "2019.10.17"]
[SourceVersion "1"]
[SourceVersionDate "2019.10.17"]
[SourceQuality "1"]

1. d4 d5 2. Bf4 Nf6 3. e3 c5 4. Nc3 a6 5. Nf3 Bg4 6. Be2 Nc6 7. 0-0 Bxf3 8. Bxf3 cxd4 9. exd4 e6 10. Re1 Bd6 11. Bxd6 Qxd6 12. Na4 0-0 13. Nc5 Rab8 14. c3 Rfe8 15. b4 Nd7 16. a4 a5 17. b5 Ne7 18. Nb3 b6 19. Qd3 Rec8 20. Nd2 Nf6 21. c4 Rc7 22. cxd5 Nexd5 23. Nc4 Qb4 24. Ne5 Rbc8 25. Nc6 Qd6 26. Rac1 Nb4 27. Qe3 Nfd5 28. Bxd5 Nxd5 29. Qd2 h6 30. g3 Qa3 31. Rc4 Qf3 32. Rec1 Qf6 33. Qd3 g6 34. Qa3 Kg7 35. Qd6 h5 36. h4 Nb4 37. Ne5 Rxc4 38. Rxc4 Rxc4 39. Nxc4 Nd3 40. f4 Qf5 41. Qc6 Qg4 42. Kh2 Qd1 43. Nxb6 Nf2 0-1

[Event "ESP-chT CECLUB Div2"]
[Site "Linares"]
[Date "2019.08.23"]
[Round "7.7"]
[White "Veiga, Jose Francisco RP"]
[Black "Moreno Royano, Victor"]
[Result "1-0"]
[WhiteElo "2346"]
[BlackElo "2151"]
[PlyCount "77"]
[EventDate "2019.08.19"]
[EventType "team-swiss"]
[EventRounds "7"]
[EventCountry "ESP"]
[SourceTitle "EXT 2020"]
[Source "ChessBase"]
[SourceDate "2019.10.17"]
[SourceVersion "1"]
[SourceVersionDate "2019.10.17"]
[SourceQuality "1"]
[WhiteTeam "Pola Paz Estratexia"]
[BlackTeam "Gambito CC"]
[WhiteTeamCountry "ESP"]
[BlackTeamCountry "ESP"]

1. e4 e6 2. d4 d5 3. Nd2 c5 4. exd5 Qxd5 5. Ngf3 cxd4 6. Bc4 Qd7 7. 0-0 Nc6 8. Nb3 Nf6 9. Nbxd4 Nxd4 10. Qxd4 Qxd4 11. Nxd4 Bd7 12. Bf4 Rc8 13. Be2 Bc5 14. Nb3 Bb6 15. c4 Ke7 16. a4 Bc6 17. a5 Bc7 18. Be3 a6 19. Nd4 Be4 20. b4 Rhd8 21. Nb3 Be5 22. Ra2 Nd7 23. Rc1 f5 24. f3 Bc6 25. Nd4 Nb8 26. Rd2 f4 27. Bf2 Be8 28. Rcd1 Kf6 29. Bh4+ Kf7 30. Bxd8 Rxd8 31. Nc6 Nxc6 32. Rxd8 Nxd8 33. Rxd8 Ke7 34. Rd1 Bc3 35. Rb1 Kf6 36. Bd3 Bg6 37. Bxg6 hxg6 38. Rb3 Bd2 39. Kf1 1-0

[Event "Barcelona Sants op 20th"]
[Site "Barcelona"]
[Date "2018.08.17"]
[Round "1"]
[White "Moroni, Luca Jr"]
[Black "Moreno Royano, Victor"]
[Result "1-0"]
[WhiteElo "2547"]
[BlackElo "2118"]
[PlyCount "65"]
[EventDate "2018.08.17"]
[EventType "swiss"]
[EventRounds "10"]
[EventCountry "ESP"]
[SourceTitle "CBM 186 Extra"]
[Source "ChessBase"]
[SourceDate "2018.08.24"]
[SourceVersion "1"]
[SourceVersionDate "2018.08.24"]
[SourceQuality "1"]

1. d4 Nf6 2. c4 e6 3. Nf3 d5 4. Nc3 Bb4 5. a3 Bxc3+ 6. bxc3 0-0 7. e3 b6 8. a4 Ba6 9. Ba3 Re8 10. Ne5 Nfd7 11. Nxd7 Nxd7 12. Qb3 e5 13. Rd1 exd4 14. Rxd4 c5 15. Rxd5 Qe7 16. Be2 Bb7 17. 0-0 Bxd5 18. cxd5 Nf6 19. c4 Ne4 20. Qc2 f5 21. Bd3 Rf8 22. Bb2 Rae8 23. f3 Nd6 24. Re1 Qh4 25. Re2 Qg5 26. f4 Qe7 27. g4 fxg4 28. Bxh7+ Kh8 29. Qg6 Nf5 30. e4 Nh4 31. Qh6 Nf3+ 32. Kh1 Rf6 33. Qh5 1-0

[Event "Cantabria-ch U12 1213"]
[Site "Muriedas"]
[Date "2012.12.26"]
[Round "1.2"]
[White "Abascal Lozano, Raul"]
[Black "Moreno Royano, Victor"]
[Result "0-1"]
[WhiteElo "1422"]
[BlackElo "1487"]
[PlyCount "45"]
[EventDate "2012.12.26"]
[EventType "swiss"]
[EventRounds "7"]
[EventCountry "ESP"]
[SourceTitle "EXT 2024"]
[Source "ChessBase"]
[SourceDate "2023.10.10"]
[SourceVersion "1"]
[SourceVersionDate "2023.10.10"]
[SourceQuality "1"]

1. e4 e5 2. Nf3 Nc6 3. d4 exd4 4. Bc4 Na5 5. Bd3 Bc5 6. Nbd2 d6 7. Nc4 Nxc4 8. Bxc4 Nf6 9. e5 dxe5 10. 0-0 Bg4 11. Qd3 e4 12. Qe2 0-0 13. Qd1 exf3 14. gxf3 Bh3 15. Re1 Re8 16. Rxe8+ Qxe8 17. Bf4 Qe7 18. Qd3 Nh5 19. Bg3 Nxg3 20. hxg3 Be6 21. Re1 Bxc4 22. Rxe7 Bxd3 23. Rxc7 0-1